La Nova política de cohesió de la UE 2007 - 2013 : i la seva repercussió en l'àmbit local / [Coordinació: Direcció de Serveis de Relacions Internacionals de la Diputació de Barcelona ; textos: Francesc Morata, Andrea Lanaia] i la seva repercussió en l'àmbit local / [Coordinació:

ISBN: 978-84-9803-196-6
Publicado: Barcelona : Diputació de Barcelona , 2007
Descripción Física: 63 p. : taules, mapes ; 24 cm

MARC

LEADER 00000nam a2200000Ia 4500
001 19060
008 160829s2007 xx 000 0 cat d
020 |a 978-84-9803-196-6 
080 |a M-5-424 
245 |a La Nova política de cohesió de la UE 2007 - 2013 :  |b  i la seva repercussió en l'àmbit local / [Coordinació:  |b  Direcció de Serveis de Relacions Internacionals de la Diputació de Barcelona ; textos:  |b  Francesc Morata, Andrea Lanaia] 
260 |a Barcelona :  |b Diputació de Barcelona,  |c 2007 
300 |a 63 p. :  |b  taules, mapes ;  |c 24 cm 
490 |a Estudis. Govern local ; 1 
650 0 |a Cooperació internacional  |z Unió Europea, Països de la  |9 44808 
651 0 |a Europa  |x Política econòmica  |9 55200 
700 |a Barcelona. Diputació. Direcció de Serveis de Relacions Internacionals  
700 |a Morata, Francesc   |9 44809 
700 |a Lanaia, Andrea  |9 44810 
901 |a Arxiu 
942 |n 1 
952 |0 0  |1 0  |4 0  |6 M5424  |7 1  |9 52181  |a Arxiu  |b Arxiu  |d 2016-12-01  |l 0  |o M-5-424  |p 19060  |r 2016-12-01 00:00:00  |w 2016-12-01  |y ARXIU 
999 |c 56029  |d 56029